Terraria Complete Bestiary - Statistics

General Stats
  • This quiz has been taken 100 times
    95 since last reset
  • The average score is 138 of 468
Answer Stats
Hint Answer % Correct
NPC Guide
93%
NPC Merchant
91%
NPC Arms Dealer
82%
NPC Nurse
80%
Caverns Skeleton
79%
NPC Angler
77%
NPC Goblin Tinkerer
77%
NPC Mechanic
75%
NPC Wizard
73%
NPC Dryad
71%
Surface Blue Slime
70%
Surface Green Slime
70%
NPC Cyborg
66%
Boss Golem
66%
NPC Party Girl
66%
Ocean Shark
66%
Boss Skeletron
66%
NPC Steampunker
66%
NPC Traveling Merchant
66%
NPC Witch Doctor
66%
Night Zombie
66%
Water Critter Duck
64%
Boss King Slime
64%
Rare Creature, Underground Jungle Moth
64%
NPC Pirate
64%
Boss Wall of Flesh
64%
Surface Critter Worm
64%
Underground Yellow Slime
64%
Underground Red Slime
63%
NPC Tax Collector
63%
NPC Truffle
63%
Surface Critter Bunny
61%
Boss Eater of Worlds
61%
Boss Eye of Cthulhu
61%
NPC Golfer
61%
Boss Moon Lord
61%
Boss Plantera
61%
NPC Stylist
61%
NPC Zoologist
61%
Boss Brain of Cthulhu
59%
NPC Clothier
59%
Goblin Invasion Goblin Archer
59%
NPC Princess
59%
Surface Purple Slime
59%
NPC Skeleton Merchant
59%
Boss Skeletron Prime
59%
Hallow Unicorn
59%
Underworld Demon
57%
Rare Creature, Surface Pinky
57%
Boss Queen Bee
57%
Boss The Destroyer
57%
NPC Dye Trader
55%
Jungle Jungle Slime
55%
Boss Lunatic Cultist
55%
Eclipse Mothron
55%
Surface Critter Squirrel
55%
NPC Tavernkeep
55%
Sky Wyvern
55%
Underground Jungle Bee
54%
Halloween Ghost
54%
Goblin Invasion Goblin Warrior
54%
Sky Harpy
54%
NPC Painter
54%
Boss Queen Slime
54%
Rare Creature, Rain, Hallow Rainbow Slime
54%
Surface Critter Bird
52%
Ocean Crab
52%
Hallow Pixie
52%
NPC Santa Claus
52%
Rare Creature, Blood Moon The Bride
52%
Caverns Black Slime
50%
Boss Duke Fishron
50%
Boss Empress of Light
50%
Rare Creature, Dungeon Paladin
50%
Boss Stardust Pillar
50%
Rare Creature, Blood Moon The Groom
50%
Water Critter Turtle
50%
Boss Vortex Pillar
50%
Underground Desert Antlion
48%
Old One's Army Betsy
48%
Underground Jungle Hornet
48%
Snow Ice Slime
48%
Underground Jungle Jungle Bat
48%
Rare Creature, Caverns Mimic
48%
Boss Nebula Pillar
48%
NPC Old Man
48%
Pirate Invasion Pirate Captain
48%
Pumpkin Moon Pumpking
48%
Boss Solar Pillar
48%
Boss Spazmatism
48%
Mushroom Critter Truffle Worm
48%
Caverns Blue Jellyfish
46%
Underworld Lava Slime
46%
Underground Jungle Man Eater
46%
Caverns Mother Slime
46%
Desert Mummy
46%
Ocean Pink Jellyfish
46%
Rare Creature, Ocean Squid
46%
Jungle Critter Frog
45%
Water Critter Goldfish
45%
Boss Retinazer
45%
Rare Creature, Blood Moon Clown
43%
Dungeon Boss Dungeon Guardian
43%
Pirate Invasion Flying Dutchman
43%
Rare Creature, Surface Goblin Scout
43%
Caverns Green Jellyfish
43%
Frost Moon Ice Queen
43%
Blood Moon Blood Zombie
41%
Surface Critter Butterfly
41%
Caverns Cave Bat
41%
Rare Creature, Underground Corruption Corrupt Mimic
41%
Night Demon Eye
41%
Rain Flying Fish
41%
Old One's Army Ogre
41%
Rain Umbrella Slime
41%
Caverns Baby Slime
39%
Rare Creature, Rain, Snow Ice Golem
39%
Rare Creature, Marble Medusa
39%
Underground Critter Mouse
39%
Underground Ice Pigron
39%
Desert Sand Shark
39%
Rare Creature, Caverns Tim
39%
Eclipse Vampire
39%
Night Wandering Eye
39%
Night Wraith
39%
Dungeon Angry Bones
38%
Rare Creature, Underground Crimson Crimson Mimic
38%
Jungle Derpling
38%
Blood Moon Drippler
38%
Rare Creature, Dungeon Dungeon Slime
38%
Underworld Fire Imp
38%
Goblin Invasion Goblin Sorcerer
38%
Goblin Invasion Goblin Thief
38%
Surface Critter Gold Bunny
38%
Surface Critter Gold Worm
38%
Rare Creature, Underground Hallow Hallowed Mimic
38%
Temple Lihzahrd
38%
Rare Creature, Caverns Nymph
38%
Caverns Skeleton Archer
38%
Rare Creature, Underworld Voodoo Demon
38%
Night Werewolf
38%
Rare Creature, Dungeon Bone Lee
36%
Boss Minion Creeper
36%
Corrupt Desert Dark Mummy
36%
Surface Critter Ladybug
36%
Pumpkin Moon Mourning Wood
36%
Boss Minion Probe
36%
Rare Creature, Dungeon Skeleton Sniper
36%
Rare Creature, Underworld Tortured Soul
36%
Spider Nest Black Recluse
34%
Corruption Corruptor
34%
Corruption Eater of Souls
34%
Granite Granite Golem
34%
Underworld Lava Bat
34%
Hallow Desert Light Mummy
34%
Rare Creature, Sky Martian Probe
34%
Pirate Invasion Parrot
34%
Jungle Piranha
34%
Underworld Red Devil
34%
Frost Moon Santa-NK1
34%
Old One's Army Dark Mage
32%
Boss Deerclops
32%
Rare Creature, Underground Jungle Doctor Bones
32%
Rare Creature, Blood Moon Dreadnautilus
32%
Frost Moon Everscream
32%
Eclipse Frankenstein
32%
Night, Hallow Gastropod
32%
Jungle Giant Tortoise
32%
Granite Granite Elemental
32%
Crimson Herpling
32%
Marble Hoplite
32%
Boss Martian Saucer
32%
Meteor Meteor Head
32%
Graveyard Rat
32%
Rare Creature, Desert Sand Elemental
32%
Desert Critter Scorpion
32%
Night, Snow Wolf
32%
Surface Critter Blue Jay
30%
Underground Hallow Chaos Elemental
30%
NPC Cool Slime
30%
Crimson Crimera
30%
Dungeon Cursed Skull
30%
Cavern Critter Diamond Bunny
30%
Cavern Critter Emerald Bunny
30%
Crimson Face Monster
30%
Underground Giant Worm
30%
Pumpkin Moon Headless Horseman
30%
Underworld Hellbat
30%
NPC Nerdy Slime
30%
Night Raincoat Zombie
30%
Boss Minion Servant of Cthulhu
30%
NPC Town Cat
30%
NPC Town Dog
30%
Cavern Critter Amethyst Bunny
29%
Underground Desert Antlion Charger
29%
Underground Desert Antlion Larva
29%
Jungle Critter Buggy
29%
Cavern Critter Diamond Squirrel
29%
Ocean Critter Dolphin
29%
Cavern Critter Emerald Squirrel
29%
Surface Critter Firefly
29%
Temple Flying Snake
29%
Caverns Giant Bat
29%
Surface Critter Gold Bird
29%
Jungle Critter Grubby
29%
Underground Snow Ice Bat
29%
Underground Snow Ice Tortoise
29%
Underground Jungle Moss Hornet
29%
Night Possessed Armor
29%
Cavern Critter Ruby Bunny
29%
Underground Desert Sand Slime
29%
Cavern Critter Snail
29%
Underground Jungle Spiked Jungle Slime
29%
Desert Vulture
29%
Cavern Critter Amber Bunny
27%
Rain Angry Nimbus
27%
Eclipse Baby Mothron
27%
Dungeon Blue Armored Bones
27%
Underworld Bone Serpent
27%
Surface Critter Cardinal
27%
Corruption Corrupt Slime
27%
Underground Digger
27%
Frost Moon Gingerbread Man
27%
Goblin Invasion Goblin Peon
27%
Underground Snow Ice Elemental
27%
Rare Creature, Underground Snow Ice Mimic
27%
Cavern Critter Ruby Squirrel
27%
Cavern Critter Sapphire Bunny
27%
Rare Creature, Dungeon Skeleton Commando
27%
Underground Snow Spiked Ice Slime
27%
Eclipse Swamp Thing
27%
Cavern Critter Topaz Bunny
27%
NPC Town Bunny
27%
Rare Creature, Caverns Undead Miner
27%
Cavern Critter Amber Squirrel
25%
Cavern Critter Amethyst Squirrel
25%
Windy Day Angry Dandelion
25%
Underground Hallow Enchanted Sword
25%
Underground Desert Ghoul
25%
Goblin Invasion Goblin Warlock
25%
Surface Critter Gold Ladybug
25%
Surface Critter Grasshopper
25%
Eclipse Nailhead
25%
Surface Critter Owl
25%
Caverns Rock Golem
25%
Cavern Critter Topaz Squirrel
25%
Underground Desert Antlion Swarmer
23%
Crimson Crimslime
23%
Surface Critter Dragonfly
23%
Night, Jungle Giant Flying Fox
23%
Surface Critter Gold Butterfly
23%
Graveyard Maggot
23%
Snow Critter Penguin
23%
Eclipse Reaper
23%
Surface Critter Red Squirrel
23%
Cavern Critter Sapphire Squirrel
23%
Ocean Critter Seagull
23%
Corruption Slimer
23%
Jungle Snatcher
23%
Boss Minion The Hungry
23%
Spider Nest Wall Creeper
23%
Frost Moon Yeti
23%
Pillars Alien Queen
21%
Jungle Angry Trapper
21%
Caverns Armored Skeleton
21%
Desert Critter Black Scorpion
21%
Crimson Blood Crawler
21%
Underground Corruption Clinger
21%
NPC Clumsy Slime
21%
Blood Moon Corrupt Bunny
21%
Pillars Crawltipede
21%
Rare Creature, Underground Snow Cyan Beetle
21%
Dungeon Dark Caster
21%
Corruption Devourer
21%
Eclipse Eyezor
21%
Rare Creature, Surface Gnome
21%
Jungle Critter Gold Frog
21%
Water Critter Gold Goldfish
21%
Underground Critter Gold Mouse
21%
Underground Hallow Illuminant Bat
21%
Underground Hallow Illuminant Slime
21%
Underground Jungle Jungle Creeper
21%
Rare Creature, Caverns Lost Girl
21%
Jungle Mystic Frog
21%
Halloween Raven
21%
Dungeon Rusty Armored Bones
21%
Rare Creature, Ocean Sea Snail
21%
Jungle Critter Sluggy
21%
Underground Snow Snow Flinx
21%
Mushroom Spore Bat
21%
Surface Critter Stinkbug
21%
Rare Creature, Dungeon Tactical Skeleton
21%
Boss The Torch God
21%
Underground Snow Undead Viking
21%
Rare Creature, Blood Moon Blood Eel
20%
Surface Critter Blue Fairy
20%
Dungeon Dungeon Spirit
20%
Frost Moon Elf Archer
20%
Frost Moon Elf Copter
20%
Surface Critter Enchanted Nightcrawler
20%
Surface Critter Green Fairy
20%
Dungeon Hell Armored Bones
20%
Pumpkin Moon Hellhound
20%
Underground Crimson Ichor Sticker
20%
Desert Lamia
20%
Hallow Critter Lightning Bug
20%
Surface Critter Pink Fairy
20%
Hallow Critter Prismatic Lacewing
20%
Pumpkin Moon Scarecrow
20%
Boss Minion Sharkron
20%
Frost Legion Snowman Gangsta
20%
Mushroom Spore Zombie
20%
Pillars Star Cell
20%
Underground Toxic Sludge
20%
Rare Creature, Blood Moon Zombie Merman
20%
Eclipse Creature from the Deep
18%
Underground Corruption Cursed Hammer
18%
Underground Desert Dune Splicer
18%
NPC Elder Slime
18%
Rare Creature, Blood Moon Hemogoblin Shark
18%
Underground Snow Icy Merman
18%
Jungle Critter Jungle Turtle
18%
Frost Moon Krampus
18%
Dungeon Necromancer
18%
Pirate Invasion Pirate Corsair
18%
Pirate Invasion Pirate Deckhand
18%
Rare Creature, Caverns Rune Wizard
18%
Caverns Salamander
18%
Frost Moon Zombie Elf
18%
Crimson Desert Blood Mummy
16%
Blood Moon Corrupt Goldfish
16%
Blood Moon Corrupt Penguin
16%
Caverns Crawdad
16%
NPC Demolititonist
16%
Corrupt Desert Desert Spirit
16%
NPC Diva Slime
16%
Frost Moon Flocko
16%
Underground Desert Giant Antlion Charger
16%
Surface Critter Gold Grasshopper
16%
Halloween Hoppin' Jack
16%
Boss Leech
16%
Graveyard Maggot Zombie
16%
NPC Mystic Slime
16%
Pumpkin Moon Poltergeist
16%
Mushroom Spore Skeleton
16%
Eclipse The Possessed
16%
Jungle Critter Toucan
16%
Pillars Alien Larva
14%
Jungle Arapaima
14%
Eclipse Butcher
14%
Eclipse Dr. Man Fly
14%
Old One's Army Etherian Goblin
14%
Underground Crimson Floaty Gross
14%
Underground Desert Giant Antlion Swarmer
14%
Dungeon Giant Cursed Skull
14%
Underworld Critter Hell Butterfly
14%
Old One's Army Kobold
14%
Pirate Invasion Pirate Deadeye
14%
Frost Moon Present Mimic
14%
Eclipse Psycho
14%
Dungeon Ragged Caster
14%
Ocean Critter Seahorse
14%
Frost Legion Snow Balla
14%
NPC Squire Slime
14%
NPC Surly Slime
14%
Water Critter Water Strider
14%
Corruption World Feeder
14%
Jungle Angler Fish
13%
Crimson Blood Jelly
13%
Blood Moon Blood Squid
13%
Rare Creature, Caverns Cochineal Beetle
13%
Underground Crimson Crimson Axe
13%
Eclipse Deadly Sphere
13%
Dungeon Diabolist
13%
Old One's Army Drakin
13%
Old One's Army Etherian Lightning Bug
13%
Old One's Army Etherian Wyvern
13%
Caverns Giant Shelly
13%
Surface Critter Gold Dragonfly
13%
Ocean Critter Gold Seahorse
13%
Desert Critter Grebe
13%
Underworld Critter Magma Snail
13%
Water Critter Mallard Duck
13%
Martian Madness Martian Engineer
13%
Mushroom Mushi Ladybug
13%
Pirate Invasion Pirate Crossbower
13%
Martian Madness Scutlix
13%
Ocean Critter Sea Turtle
13%
Corruption Slimeling
13%
Underground Desert Tomb Crawler
13%
Blood Moon Vicious Bunny
13%
Blood Moon Vicious Goldfish
13%
Blood Moon Vicious Penguin
13%
Rare Creature, Blood Moon Wandering Eye Fish
13%
Windy Day Windy Balloon
13%
Pillars Alien Hornet
11%
Underground Snow Armored Viking
11%
Underground Desert Basilisk
11%
Jungle Critter Blue Macaw
11%
Pillars Brain Suckler
11%
Blood Moon Chattering Teeth Bomb
11%
Underground Critter Explosive Bunny
11%
Mushroom Fungi Bulb
11%
Martian Madness Gray Grunt
11%
Underworld Critter Lavafly
11%
Martian Madness Martian Officer
11%
Pillars Mini Star Cell
11%
Frost Legion Mister Stabby
11%
Pillars Predictor
11%
Underground Desert Sand Poacher
11%
Jungle Critter Scarlet Macaw
11%
Pumpkin Moon Splinterling
11%
Martian Madness Tesla Turret
11%
Pillars Vortexian
11%
Desert Angry Tumbler
9%
Corrupt Desert Bone Biter
9%
Boss Minion Crystal Slime
9%
Pillars Drakomire
9%
Old One's Army Etherian Javelin Thrower
9%
Pillars Evolution Beast
9%
Crimson Desert Flesh Reaver
9%
Eclipse Fritz
9%
Night, Snow Frozen Zombie
9%
Mushroom Giant Fungi Bulb
9%
Water Critter Gold Water Strider
9%
Rare Creature, Underground Jungle Lac Beetle
9%
Martian Madness Martian Walker
9%
Pillars Milkyway Weaver
9%
Frost Moon Nut Cracker
9%
Pillars Storm Diver
9%
Pillars Twinkle Popper
9%
Corrupt Desert Vile Ghoul
9%
Boss Minion Bouncy Slime
7%
Martian Madness Brain Scrambler
7%
Hallow Desert Crystal Thresher
7%
Pillars Drakanian
7%
Hallow Desert Dreamer Ghoul
7%
Dungeon Lunatic Devotee
7%
Pillars Nebula Floater
7%
Old One's Army Old One's Skeleton
7%
Desert Critter Pupfish
7%
Martian Madness Ray Gunner
7%
Caverns Shimmer Slime
7%
Pillars Sroller
7%
Jungle Critter Yellow Cockatiel
7%
Boss Minion Ancient Vision
5%
Mushroom Anomura Fungus
5%
Crimson Blood Feeder
5%
Dungeon Blue Cultist Archer
5%
Pillars Corite
5%
Pillars Drakomire Rider
5%
Old One's Army Etherian Goblin Bomber
5%
Cavern Critter Faeling
5%
Pillars Flow Invader
5%
Martian Madness Gigazapper
5%
Mushroom Critter Glowing Snail
5%
Jungle Critter Gray Cockatiel
5%
Boss Minion Heavenly Slime
5%
Old One's Army Kobold Glider
5%
Martian Madness Martian Drone
5%
Boss Minion Phantasm Dragon
5%
Pillars Stargazer
5%
Crimson Desert Tainted Ghoul
5%
Pillars Selenian
4%
Goblin Invasion Shadowflame Apparition
4%
Mushroom Fungo Fish
2%
Martian Madness Scutlix Gunner
2%
Old One's Army Wither Beast
2%
No matching quizzes found
Score Distribution
Percent of People with Each Score
Percentile by Number Answered
Your Score History
You have not taken this quiz since the last reset